Statistics for Google What's the Difference? - History

Click here to take the quiz!

General Stats

  • This quiz has been taken 20,237 times
    (19,916 since last reset)
  • The average score is 12 of 21

Answer Stats

What's the difference between ... % Correct
World War I and {World} {War} {II}
98%
the Soviet Union and {Russia}
97%
a battle and a {war}
91%
Constantinople and {Istanbul}
83%
Jesus and {God}
83%
a republic and a {democracy}
74%
the Allies and the {Axis}
74%
Stalin and {Hitler}
65%
the Ice Age and the {Stone} {Age}
60%
the Aztecs and the {Mayans}
58%
an armada and a {fleet}
58%
Neanderthals and {Homo} {Sapiens}
55%
Emily Brontë and {Charlotte} Brontë
50%
a discovery and an {invention}
48%
the Battle of Normandy and {D}-{Day}
45%
an autocrat and a {dictator}
44%
the Huns and the {Mongols}
40%
Sinn Fein and the {IRA}
40%
the Tudors and the {Stuarts}
26%
Gondwana and {Pangea}
18%
Roanoke and {Jamestown}
18%

Score Distribution

Percentile by Number Answered

Percent of People with Each Score

Your Score History

You have not taken this quiz since the last reset